000 00707nas a2200229 4500
001 BR9504207
003 BR-BrBNA
005 20231205094110.0
007 ta
008 230509b bl.|||p| |||| 00| 00por d
040 _aBR-BrBNA
_bpor
_cBiblioteca Nacional de Agricultura
041 _a(Pt)
072 _aL70
100 1 _aPena, N.D.
245 1 _aAparelhagem original para ventilacao e respiracao pulmonar em animais
650 _aAnimal Domestico
650 _aRespiracao
650 _aVentilacao
773 0 _tRevista Brasileira de Medicina Veterinaria (Brazil)
_xISSN 0100-2430
_g(Jan-Feb 1995), v. 17(1) p. 29-40
_wBR9504207
909 _a202311
_bLúcia
_c55
_dLúcia Elande
942 _2AGRIS
_n0
_cANA
999 _c142062
_d142062